000 00689nam a2200241 i 4500
001 bgj
100 1 _aTROLLOPE, Anthony
_d(1815-1882).
245 1 0 _aBarchester Towers /
_cby Anthony Trollope ; with an afterword by Robert W. Daniel.
260 _aNew York :
_bNew American Library,
_c1963.
300 _aX, 535 ;
_c18 cm.
490 1 _aA Signet Classic
504 _aBibliography p. 534-535.
650 9 _aClergy
650 9 _aDomestic fiction
651 9 _aEngland
_xSocial life and customs
655 _aFiction
700 1 _aDANIEL, Robert W.
830 _aA Signet Classic
040 _cBPK
041 0 _aeng
942 _cKS
008 s uk f |000 0 eng
999 _c47513
_d47513
856 _uhttp://koha.tu.koszalin.pl/cgi-bin/koha/opac-detail.pl?biblionumber=47513
_yKatalog online BPK